| 000 | 01117nam a2200301 a 4500 | ||
|---|---|---|---|
| 001 | BRCA_1243 | ||
| 005 | 20190320203337.0 | ||
| 008 | 011217s2001 sp-a---##b---#000-0#spa-# | ||
| 020 | _a8493116351 | ||
| 040 |
_aDLC _cDLC |
||
| 041 | _aspa | ||
| 044 | _asp | ||
| 050 | 4 |
_aNA5060 _b.A75 2001 |
|
| 245 | 1 | 0 |
_aEl retablo mayor de la Catedral de Astorga _bhistoria y restauración _ctextos Manuel Arias ... [et al.]. |
| 260 |
_a[España] _bFundación del Patrimonio Histórico de Castilla y León _c[2001] |
||
| 300 |
_a299 p. _bil. (algunas a color) _c30 cm. |
||
| 500 | _aIncluye apéndice documental | ||
| 504 | _aBibliografía: p. 297-299 | ||
| 600 | 1 | 4 |
_aBecerra, Gaspar _d1520?-1568? _tRetablo Mayor de la Catedral de Astorga _94087 |
| 610 | 2 | 4 |
_aCatedral de Astorga _94088 |
| 630 | 0 | 4 |
_aBiblia _pN.T. _vIlustraciones _94089 |
| 650 | 1 | 4 |
_aEscultura renacentista _zEspaña _94090 |
| 650 | 1 | 4 |
_aTalla en madera _xRenacimiento _zEspaña _94091 |
| 650 | 1 | 4 |
_aPolicromía _zEspaña _94092 |
| 650 | 1 | 4 |
_aRetablos _xConservación y restauración _zEspaña _94093 |
| 700 | 1 |
_aArias Martínez, Manuel _94094 |
|
| 942 |
_2lcc _cB |
||
| 999 |
_c1113 _d1113 |
||